| Tag |
First Indicator |
Second Indicator |
Subfields |
| LEADER |
00000cam a2200000 a 4500 |
| 001 |
in00000079789 |
| 005 |
20151008054012.0 |
| 008 |
810828s1979 tnua b 00110 eng |
| 010 |
|
|
|a 78070901
|
| 020 |
|
|
|a 0913916625 (pbk.)
|
| 035 |
|
|
|a (OCoLC)05464728
|
| 035 |
|
|
|9 AAH9324AM
|
| 039 |
0 |
|
|a 2
|b 3
|c 3
|d 3
|e 3
|
| 040 |
|
|
|a DLC
|c DLC
|d TXA
|d UtOrBLW
|
| 049 |
|
|
|a TXAM
|c [1386938]
|
| 050 |
0 |
0 |
|a LB1576
|b .F68
|
| 082 |
0 |
|
|a 372.6/23
|2 19
|
| 100 |
1 |
|
|a Frank, Marjorie.
|
| 245 |
1 |
0 |
|a If you're trying to teach kids how to write, you've gotta have this book! /
|c by Marjorie Frank ; illustrated by Judy Howard.
|
| 264 |
|
1 |
|a Nashville, Tenn. :
|b Incentive Publications,
|c [1979]
|
| 264 |
|
4 |
|c ©1979
|
| 300 |
|
|
|a 218 pages :
|b illustrations ;
|c 21 cm.
|
| 336 |
|
|
|a text
|b txt
|2 rdacontent
|
| 337 |
|
|
|a unmediated
|b n
|2 rdamedia
|
| 338 |
|
|
|a volume
|b nc
|2 rdacarrier
|
| 490 |
1 |
|
|a A Kids' stuff book
|
| 500 |
|
|
|a "IP-625"--Cover.
|
| 500 |
|
|
|a Includes index.
|
| 504 |
|
|
|a Bibliography: pages 176-188.
|
| 650 |
|
0 |
|a Language arts (Elementary)
|
| 650 |
|
0 |
|a English language
|x Composition and exercises.
|
| 830 |
|
0 |
|a Kids' stuff books.
|
| 999 |
|
|
|a MARS
|
| 999 |
f |
f |
|s 1c9bdf8d-d0b8-3214-a6bd-22e4477f4ce9
|i fb0c68ce-4fde-31bd-aff8-dca0cb4777d1
|t 0
|
| 952 |
f |
f |
|p normal
|a Texas A&M University
|b College Station
|c Sterling C. Evans Library
|d Evans: Library Stacks
|t 0
|e LB1576 .F68
|h Library of Congress classification
|i unmediated -- volume
|m A14806160774
|
| 998 |
f |
f |
|a LB1576 .F68
|t 0
|l Evans: Library Stacks
|